000 01097nam a2200325 4500
001 26481
003 BD-RJUL
005 20211209051026.0
008 140322s1972 ne b b 001 0 eng
035 _a(BD-RJUL)26551
040 _aDLC
_cDLC
_dDLC
_beng
041 _aeng
082 0 0 _a951.502
_bPEC 1972
100 1 _aPetech, Luciano.
_981430
245 1 0 _aChina and Tibet in the early XVIIIth century :
_bhistory of the establishment of Chinese protectorate in Tibet /
_cBy L. Petech.
_nV-1
250 _a2nd rev. ed.
260 _aLeiden L :
_bBrill,
_c1972.
300 _a317 p. :
_b2 fold. maps ;
_c26 cm.
490 1 _aTĘżoung pao. Monographie ;
_v1
504 _aIncludes index
650 0 _aCivilization, Modern
_y18th century.
_981431
651 0 _aTibet Autonomous Region (China)
_xHistory.
_977912
651 0 _aTibet Autonomous Region (China)
_xForeign relations
_zChina.
_981432
651 0 _aChina
_xForeign relations
_zChina
_zTibet.
_981433
830 0 _v1
_981436
830 0 _aTĘżoung pao.
_981437
942 _2ddc
_cBK
999 _c26481
_d26481